000
00325pab a2200121 454500
008
180718b xxu||||| |||| 00| 0 eng d
100
_a
Rao Ramachandra B.
245
_a
Private power projects: need to reduce insurance costs
362
_a
1 Jun 1994, p.6
650
_a
Electricity
773
_a
Financial Express
909
_a
26712
999
_c
26712
_d
26712